00641 2200241 4500001002100000005001700021008004100038020001800079035002400097040001200121082001000133090001700143100002600160245004700186250001200233260003100245300002500276504002700301650002300328850001200351990001800363990001800381YOGYA-0209000002001720090227023359.0 ind  a979-413-120-2 0010-020900000020017 aYOPDYOG a636.2 a636.2bAks B aAKSI AGRARIS KANISIUS aBeternak sapi perahcAksi Agraris Kanisius aCet. 13 aYogyakartabKanisiusc1995 a110 hlmbilusc21 cm aBibliografi : hlm. 110 aTernak sapi potong aYOPDYOG a68595-P/95b1 a68596-P/95b1